000 00465nam a2200181Ia 4500
001 14797
005 20260306164940.0
008 260306t1974||||xx |||||||||||||| ||spa||
041 _aESP
082 _a519.3
_bJ26
100 _aJauffred M., Francisco J.
_eAUT
245 0 _aMétodos de optimización:
_bprogramación lineal-gráficas
260 _c1974
300 _aix, 720 páginas :
_c23 cm.
650 _aGEN
654 _aCMA
942 _cLIB
_dJUS
_fJUS
_2ddc
_n
999 _c14797
_d14797